000 00712nam a2200241 i 4500
001 bg
100 1 _aChałon, Maria.
245 1 0 _aOchrona i bezpieczeństwo danych oraz tendencje rozwojowe baz danych /
_cMaria Chałon.
260 _aWrocław :
_bOficyna Wydawnicza Politechniki Wrocławskiej,
_c2007.
300 _a147 s. :
_bil. ;
_c24 cm.
504 _aBibliogr. przy częściach.
650 9 _aBaza danych
_xochrona
655 _aPodręczniki akademickie
015 _aPB 3755/2008
020 _a9788374933605
040 _cBPK
041 _apol
044 _aPOL
080 _a004.6:004.056](075.8)
920 _a978-83-7493-360-5
942 _cKS
008 090519s2007 pl a |000 0 pol
999 _c56374
_d56374
856 _uhttp://koha.tu.koszalin.pl/cgi-bin/koha/opac-detail.pl?biblionumber=56374
_yKatalog online BPK